The Office: Every Dunder Mifflin Employee - Statistics

General Stats
  • This quiz has been taken 279 times
    263 since last reset
  • The average score is 40 of 78
Answer Stats
Branch Occupation Character % Correct
Scranton Sales Jim Halpert
96%
Scranton Sales Michael Scott
96%
Scranton Reception Pam Beesly
96%
Scranton Temp Ryan Howard
96%
Scranton Warehouse Michael
95%
Stamford Sales Andy Bernard
94%
Scranton Quality Assurance Creed Bratton
94%
Scranton Sales Dwight Schrute
94%
Scranton Accounting Kevin Malone
93%
Scranton Accounting Oscar Martinez
93%
Scranton Customer Service Kelly Kapoor
92%
Scranton Accounting Angela Martin
91%
Corporate VP of Northeastern Sales Jan Levinson
91%
DM Co-Founder of Dunder Mifflin Robert Dunder
91%
DM Co-Founder of Dunder Mifflin Robert Mifflin
91%
Scranton Warehouse Foreman Darryl Philbin
90%
Nashua Human Resources Holly Flax
90%
Scranton Supplier Relations Meredith Palmer
90%
Scranton Human Resources Toby Flenderson
90%
Corporate CFO David Wallace
89%
Corporate CEO Jo Bennett
89%
Scranton Sales Stanley Hudson
89%
Corporate CEO Robert California
88%
Stamford Sales Karen Filippelli
87%
Scranton Reception Erin Hannon
85%
Scranton Sales Phyllis Vance
85%
Scranton Warehouse Roy Anderson
75%
Scranton Traveling Salesman Todd Packer
75%
Corporate President of Special Projects Nellie Bertram
74%
Scranton Customer Service Pete Miller
74%
Scranton Customer Service Clark Green
67%
Corporate Director for Emerging Regions Gabe Lewis
66%
Corporate VP of Northeastern Sales Charles Miner
60%
Scranton Regional Manager Deangelo Vickers
59%
Stamford Regional Manager Josh Porter
58%
Nashua Sales A.J.
55%
Buffalo Regional Manager Dan Gore
52%
Scranton Regional Manager Ed Truck
52%
Scranton Warehouse Foreman Val Johnson
52%
Stamford Sales Tony Gardner
49%
Scranton Warehouse Nate Nickerson
48%
Corporate Corporate Assistant Hunter Raymond
47%
Scranton Warehouse Madge Madsen
45%
Scranton Traveling Salesman Danny Cordray
43%
Scranton Reception Ronni
43%
Scranton Sales Cathy Simms
41%
Scranton Quality Assurance Devon White
40%
Scranton IT Nick
40%
Stamford Accounting Hannah Smoterich-Barr
34%
Scranton Supplier Relations Martin Nash
34%
Utica Reception Rolando
24%
Corporate CEO Alan Brand
21%
Scranton Warehouse Frank
20%
Scranton Warehouse Hidetoshi Hasagawa
20%
Scranton Intern Luke Cooper
20%
Scranton IT Sadiq
20%
Scranton Warehouse Glenn
17%
Syracuse Sales Harry Jannerone
17%
Scranton Executive Assistant Jordan Garfield
17%
Scranton Warehouse Lonny Collins
17%
Scranton Warehouse Matt
17%
Scranton Intern Eric
15%
Corporate Reception Stephanie
15%
Albany Regional Manager Craig
14%
Corporate Human Resources Kendall
13%
Scranton Accounting Dakota
9%
Scranton Warehouse Jerry DiCanio
9%
Corporate Banking Troy Underbridge
9%
Corporate Reception Grace
8%
Scranton Intern Megan
8%
Scranton Warehouse Philip
7%
Corporate Corporate Trainer Brenda Matlowe
6%
Corporate Attorney Diane Kelly
6%
Scranton Intern Maurie
6%
Stamford Reception Polly
6%
Scranton Warehouse Bruce
4%
Scranton Sales Malcolm
4%
Corporate Attorney Mr. O'Malley
4%
No matching quizzes found
Score Distribution
Percent of People with Each Score
Percentile by Number Answered
Your Score History
You have not taken this quiz since the last reset